000 01346nam a22002417a 4500
003 OSt
005 20250430092447.0
008 250430s2014 pe o fr|||| 00| 0 spa d
040 _aCENDOC CAAAP
_bspa
_cCAAAP
041 _aspa
050 _aQA135.5
_bM46
110 1 _94365
_aPerú. Ministerio de Educación
245 1 0 _aMemoria del Seminario Internacional :
_bEducación matemática en contextos de diversidad cultural y lingüística /
_cMinistro de Educación
250 0 _aPrimera Edición
260 1 _aLima, Perú :
_bMinistro de Educación,
_c2014
300 _a156 páginas :
_bfotografás,
_c30 cm
490 _aMatematicas en EIB
_v2
520 _aReúne las ponencias y experiencias presentadas en el Seminario Internacional sobre educación matemática en contextos de diversidad cultural y lingüística, resaltando enfoques interculturales y propuestas pedagógicas orientadas a pueblos indígenas y comunidades multilingües.
650 1 0 _9591
_aEducación
_vMatematica
_xAspectos culturales
_zPerú
650 1 0 _vEducacion indigena
_zAmerica Latina
856 _uhttps://repositorio.minedu.gob.pe/bitstream/handle/20.500.12799/4865/Memoria%20del%20Seminario%20Internacional%20Educaci%c3%b3n%20Matem%c3%a1tica%20en%20contextos%20de%20diversidad%20cultural%20y%20ling%c3%bc%c3%adstica.pdf?sequence=1&isAllowed=y
942 _2lcc
_cBK
999 _c3971
_d3971